000 01002cam a2200325 a 4500
001 4510190
003 NUST - PNEC
005 20170116180848.0
008 980512s1998 caua 001 0 eng d
010 _a 98085873
020 _a0782123384
035 _a(DLC) 98085873
035 _a(OCoLC)39855037
040 _aAzM
_cAzM
_dUk
_dDLC
042 _alccopycat
050 0 4 _aT385
_b.O4826 1998
082 0 0 _a604.202855369 OMU
100 1 _aOmura, George.
245 1 0 _aMastering AutoCAD 14 /
_cGeorge Omura.
250 _aPremium ed.
260 _aSan Francisco :
_bSybex,
_cc1998.
300 _axli, 1400 p. :
_bill. ;
_c24 cm.
500 _aIncludes index.
630 0 0 _aAutoCAD.
650 0 _aComputer graphics.
_xME, MIS
906 _a7
_bcbc
_ccopycat
_d2
_eopcn
_f19
_gy-gencatlg
942 _2ddc
_cBK
999 _c64534
_d64534